Was I born in Spain? Quiz Stats

 Plays Quiz not verified by Sporcle

Challenge
Share
Tweet
Score 0/30 Timer 08:00
0 Plays Today
% Correct
Born in Málaga, Spain
97.9%
Born in Figueres, Spain
92.7%
Born in Alcalá de Henares, Spain
89.6%
Born in Barcelona, Spain
86.5%
Born in Sabrosa, Portugal
83.3%
Born in Palma de Mallorca, Spain
82.3%
Born in Madrid, Spain
81.3%
Born in Seville, Spain
80.2%
Born in Caracas, Venezuela
68.8%
Born in Barcelona, Spain
67.7%
Born in Buenos Aires, Argentina
66.7%
Born in Buenos Aires, Argentina
65.6%
Born in Seville, Spain
64.6%
Born in Santo Domingo, Chile
64.6%
Born in Caracas, Venezuela
64.6%
% Correct
Born in Almendralejo, Spain
59.4%
Born near Goliad, USA
57.3%
Born in Oaxaca, Mexico
56.3%
Born in Calahorra, Spain
55.2%
Born in Pamplona, Spain
55.2%
Born in Buenos Aires, Argentina
55.2%
Born in Barcelona, Spain
54.2%
Born in Saint-Claude, France
53.1%
Born in San Fernando, Spain
52.1%
Born in Pánuco, Mexico
50%
Born in Guadalajara, Mexico
50%
Born in Madrid, Spain
49%
Born in Liverpool, United Kingdom
47.9%
Born in Temascalcingo, Mexico
43.8%
Born in Chihuahua, Mexico
36.5%

You're not logged in!

Compare scores with friends on all Sporcle quizzes.
Join for Free
OR
Log In

You Might Also Like...

Show Comments

Extras

Top Quizzes Today


Score Distribution

Your Account Isn't Verified!

In order to create a playlist on Sporcle, you need to verify the email address you used during registration. Go to your Sporcle Settings to finish the process.

Report this User

Report this user for behavior that violates our Community Guidelines.

Details: